000 00866nam a2200217 a 4500
001 BRCA_8946
005 20190320210453.0
008 030717s1777----it-#######---#000-0#lat-#
041 _alat
044 _ait
084 _aLE39
_b.M36 1777
100 1 _aMamachii, Thomae Mariae
_d1713 - 1792
_922233
245 1 0 _aFr. Thomae Mariae Mamachii, ordinis praedicatirum theologi casanatensis epistolarum ad justinum febronium jusrisconsultum de ratione regenda Christianae Republicae, deuqe legitima Romani Pontificis Potestate
_bliber secundus.
260 _aRomae
_bEx Typographia Salvioni
_c1777
300 _a[3], 506 p.
_c20.8 x 14 cm
500 _aSuperiorum permissu
500 _aEstado físico: presenta encuadernación en pergamino, carece de cintas y presencia del pez de plata
650 1 4 _aTeología
_ySiglo XVIII
_922234
902 _aCFM
942 _2lcc
_cB
999 _c8597
_d8597